Colonie agricole de Mettray (Record no. 153199)

MARC details
000 -LEADER
campo de control de longitud fija 01376nam a2200265 i 4500
001 - NÚMERO DE CONTROL
campo de control 153199
003 - IDENTIFICADOR DE NÚMERO DE CONTROL
campo de control ES-MaACL
005 - FECHA Y HORA DE LA ÚLTIMA TRANSACCIÓN
campo de control 20251003165202.0
008 - DATOS DE LONGITUD FIJA--INFORMACIÓN GENERAL
campo de control de longitud fija 040719s1874 fr f |||| | fre d
245 00 - MENCIÓN DEL TÍTULO
Título Colonie agricole de Mettray
Resto del título : inauguration des bustes de MM. de Courteilles et Demetz, fondateurs de la colonie : 3 mai 1874.
260 ## - PUBLICACIÓN, DISTRIBUCIÓN, ETC.
Lugar de publicación, distribución, etc. Tours :
Nombre del editor, distribuidor, etc. [s.n.],
Fecha de publicación, distribución, etc. [1874] (
Fabricante Imp. Ladeveze)
300 ## - DESCRIPCIÓN FÍSICA
Extensión 19 p., [1] h. lám. ;
Dimensiones 21 cm.
594 ## - Nota al título y mención de responsabilidad
Nota al título y mención de responsabilidad Precede al tít.: Société Paternelle.
594 ## - Nota al título y mención de responsabilidad
Nota al título y mención de responsabilidad Tit. tomado de comienzo del texto.
599 ## - NOTA A LAS ILUSTRACIONES
NOTA A LAS ILUSTRACIONES La h. de lám., representación de la colonia.
610 24 - PUNTO DE ACCESO ADICIONAL DE MATERIA--NOMBRE DE ENTIDAD CORPORATIVA
Nombre de entidad corporativa o nombre de jurisdicción como elemento de entrada Colonie agricole et pénitentiaire de Mettray.
9 (RLIN) 167004
650 #4 - PUNTO DE ACCESO ADICIONAL DE MATERIA--TÉRMINO DE MATERIA
Término de materia o nombre geográfico como elemento de entrada Reformatorios-
Subdivisión geográfica Francia.
9 (RLIN) 167005
700 1# - ENTRADA AGREGADA--NOMBRE PERSONAL
Nombre de persona Demetz, Frédéric Auguste,
Fechas asociadas al nombre 1796-1873
9 (RLIN) 148483
852 ## - LOCALIZACIÓN
Ubicación ES-MaACL
Número de control de estantería D-237(3)
itemnumber 158767
Sublocalización o colección R.M.214/3
Ubicación en estantería Sala Valle Inclán
Signatura antigua Olim: 193-F-11
Marcas de propiedad Sello en tinta en la portada del primer volumen : "Donativo del Sr. Lastres al Ateneo de Madrid 1907"
Donativo/Legado Donación: Francisco Lastres y Juiz
Encuadernación Encuadernado con otras obras formando un volumen facticio
852 ## - LOCALIZACIÓN
Ubicación ES-MaACL
Número de control de estantería D-221(6)
Nota libre .- Forma parte de la col. facticia: "Estudios penitenciarios"
-- .- Donativo Lastres
condición física .- Sin la hoja de lám.
903 ## - NOMBRE PERSONAL DE DONANTE
a Lastres y Juiz, Francisco,
d 1848-1918
q 1
e Donante
9 70504
942 ## - ELEMENTOS DE ENTRADA SECUNDARIOS (KOHA)
Fuente del sistema de clasificación o colocación Clasificación decimal universal
Tipo de ítem Koha Folleto
Holdings
Estatus retirado Estado de pérdida Fuente del sistema de clasificación o colocación Estado de daño No para préstamo Colección Biblioteca de origen Biblioteca actual Ubicación en estantería Fecha de adquisición Total de préstamos Signatura topográfica completa Código de barras Visto por última vez Precio de reemplazo Tipo de ítem Koha Fuente de adquisición
    Clasificación decimal universal     Colección de folletos Biblioteca del Ateneo de Madrid Biblioteca del Ateneo de Madrid Sala Valle Inclán 07/11/2011   D-221(6) 901188404 23/02/2023 23/02/2023 Folleto  
    Clasificación decimal universal     Colección de folletos Biblioteca del Ateneo de Madrid Biblioteca del Ateneo de Madrid Sala Valle Inclán 17/01/2008   D-237(3) 901160077 23/02/2023 23/02/2023 Folleto Donación